Lokalizácia dúhovky v obraze a jej predspracovanie pre účely klasifikácie

Salvato in:
Dettagli Bibliografici
Autore principale: Puchoň, Lukáš, 1988- (Autore)
Altri autori: Omelina, Ľuboš, 1985- (Relatore della tesi)
Natura: Manoscritto Libro
Lingua:slovacco
Pubblicazione: Bratislava : STU v Bratislave FEI, 2012
Soggetti:
Accesso online:VAIS
Tags: Aggiungi Tag
Nessun Tag, puoi essere il primo ad aggiungerne!!

MARC

LEADER 00000ntm a22000003a 4500
001 stu252824
005 20150617230226.1
008 120721s2012----xo------------------slo-d
040 |a STU  |b slo 
041 0 |a slo 
044 |a xo 
100 1 |a Puchoň, Lukáš,  |d 1988-  |4 aut  |u E  |T FEI Fakulta elektrotechniky a informatiky  |X 48016  |U E  |Y 30  |7 A000048016 
242 0 0 |a Segmentation of iris in image and its pre-processing for classification purpose iris image and the pre-processing for classification purposes  |y eng 
245 1 |a Lokalizácia dúhovky v obraze a jej predspracovanie pre účely klasifikácie 
260 |a Bratislava :  |b STU v Bratislave FEI,  |c 2012 
300 |a 49 s  |c príl. 
650 7 |a Applied Informatics  |2 estusub 
700 1 |a Omelina, Ľuboš,  |d 1985-  |4 ths  |u E050  |U FEI Fakulta elektrotechniky a informatiky  |T FEI Ústav informatiky a matematiky  |X 20912  |U E050  |Y 816  |7 A000020912 
856 4 |a info a plný text  |u http://is.stuba.sk/zp/portal_zp.pl?podrobnosti=65555  |3 VAIS 
996 |b 284ER00891  |c E*Bc-891  |l EE35  |s P  |a 0  |w stu252824_0001